Statistics for FIFA World Cup 2014 - Participating Teams

Click here to take the quiz!

General Stats

  • This quiz has been taken 107 times
  • The average score is 28 of 32

Answer Stats

Hint Answer % Correct
Brazil
98%
France
97%
Germany
97%
England
96%
Italy
93%
Spain
93%
Mexico
92%
CONMEBOLArgentina
92%
Portugal
92%
USA
91%
Japan
91%
Uruguay
91%
Netherlands
90%
Chile
90%
South Korea
90%
UEFABelgium
88%
CONCACAFCosta Rica
87%
Russia
87%
Ghana
87%
AFCAustralia
86%
Nigeria
84%
Colombia
84%
Greece
83%
Switzerland
80%
Honduras
80%
Ecuador
79%
CAFAlgeria
79%
Cameroon
79%
Croatia
79%
Iran
78%
Ivory Coast
77%
Bosnia & Herzegovina
36%

Score Distribution

Percentile by Number Answered

Percent of People with Each Score

Your Score History

You have not taken this quiz